000 00923nam0a22002411 4500
001 rc\314059
005 20250621032733.0
035 _a(NLR Aleph) 005548541
090 _a5785781
_c5785781
100 _a20030307d1990 |||y0rusy50 ca
101 0 _arus
102 _aRU
105 _ay |||||||||
200 1 _aНаучная организация труда. Гносеологический анализ развития
_eКонспект лекций
_fИн-т повышения квалификации руководящих работников и специалистов судостроит. пром-сти
210 _aЛ.
_cИПК СП
_d1990
215 _a54 с.
_d20
320 _aБиблиогр.: с. 46-53
700 1 _aПолтаруха
_bП.В.
_gПавел Владимирович
801 0 _aRU
_bNLR
_gpsbo
801 1 _aRU
_bELAR
_2rusmarc
852 _aNLR
_j90-4/10529
942 _cBOOK
980 _aNB